Pays africains à croissance démographique négative en 2100 - Statistiques

Statistiques générales
  • Ce quiz a été pris 101 fois
    70 depuis la dernière actualisation
  • Le résultat moyen est 8 sur 11
Statistiques - réponses
Taux de croissance
de la population
Réponse % Correct
-0.03% Algérie
97%
-0.39% Maroc
97%
-0.33% Tunisie
95%
-0.36% Libye
92%
-0.11% Afrique du Sud
84%
-0.49% Cap-Vert
71%
-0.71% Île Maurice
71%
-0.54% Seychelles
71%
-0.40% Lesotho
61%
-0.19% Djibouti
60%
-0.03% Sierra Leone
34%
Aucun quiz correspondant
Distribution des résultats
% des personnes avec chaque résultat
Percentile par nombre de réponses
Votre historique - résultats
Vous n’avez pas pris ce quiz depuis la dernière actualisation